Представление документа в формате RUSMARC

ПолеНазваниеЗначение
  Тип записи a
  Библиографический уровень m
001 Контрольный номер RU/SLIB/B/230213944
005 Дата корректировки 20260521143352.8
010 Индекс ISBN __
d Цена 141-02
101 Язык документа 0_
a Язык текста rus
c Язык оригинала rus
200 Заглавие и сведения об ответственности 1_
a Заглавие Военная техника
e Сведения, относящиеся к заглавию дет. воен. энцикл. : [для мл. шк. возраста]
f Первые сведения об ответственности [Кудишин И. В. и др.; сост. Т. В. Сидорина ; худож. М. О. Дмитриев и др.]
b Общее обозначение материала Текст
210 Выходные данные 1_
a Место издания М.
c Издательство Росмэн
d Дата издания 2006
215 Физическое описание __
a Объем 103, [1] с.
c Иллюстрации/тип воспроизводства ил.
320 Библиография __
a Библиография Указ.: с. 102-103
330 Аннотация __
a Аннотация Все об истории развития оружия и военной техники.
606 Тематические рубрики __
a Основная рубрика Военное дело
a Основная рубрика Общие вопросы военного дела
610 Ключевые слова 0_
a Ключевые слова военная техника; оружие; охота; история военной техники; порох; история оружия; ружья; мушкеты; рыцарские турниры; военный флот; флотилии; пулеметы; гаубицы; пушки; минометы; войны; бронепоезда; броневики; танки; авиация; Первая мировая война; пистолеты; пистолеты-пулеметы; автоматы; Вторая мировая война; боевые машины; Т-34; артиллерия; самолеты; стрелковое оружие; F-117 (самолет)
686 Индексы других классификаций __
a Классификационный индекс мл68я2
701 Альтернативная интеллектуальная ответственность _1
a Фамилия Шокарев
b Имя Ю. В.
4 Код отношения 070
702 Вторичная интеллектуальная ответственность _1
a Фамилия Кудишин
b Имя И. В.
4 Код отношения Художник
4 Код отношения 040
702 Вторичная интеллектуальная ответственность _1
a Фамилия Шимановский
b Имя В. Г.
4 Код отношения Автор
4 Код отношения 070
702 Вторичная интеллектуальная ответственность _1
a Фамилия Шмелев
b Имя И. П.
4 Код отношения Автор
4 Код отношения 070
702 Вторичная интеллектуальная ответственность _1
a Фамилия Сидорина
b Имя Т. В.
4 Код отношения Составитель
4 Код отношения 220
702 Вторичная интеллектуальная ответственность _1
a Фамилия Дмитриев
b Имя М. О.
4 Код отношения Художник
4 Код отношения 040
702 Вторичная интеллектуальная ответственность _1
a Фамилия Пархаев
b Имя О. К.
4 Код отношения Художник
4 Код отношения 040
702 Вторичная интеллектуальная ответственность _1
a Фамилия Дыгало
b Имя В. А.
4 Код отношения Художник
4 Код отношения 040
702 Вторичная интеллектуальная ответственность _1
a Фамилия Емышев
b Имя В. С.
4 Код отношения Художник
4 Код отношения 040
702 Вторичная интеллектуальная ответственность _1
a Фамилия Ершов
b Имя С. А.
4 Код отношения Художник
4 Код отношения 040
702 Вторичная интеллектуальная ответственность _1
a Фамилия Проскуряков
b Имя А. Г.
4 Код отношения Художник
4 Код отношения 040
702 Вторичная интеллектуальная ответственность _1
a Фамилия Нколаев
b Имя Ю. Ф.
4 Код отношения Художник
4 Код отношения 040
702 Вторичная интеллектуальная ответственность _1
a Фамилия Бульба
b Имя В.
4 Код отношения Художник
4 Код отношения 040
702 Вторичная интеллектуальная ответственность _1
a Фамилия Валеев
b Имя А.
4 Код отношения Художник
4 Код отношения 040
702 Вторичная интеллектуальная ответственность _1
a Фамилия Свербута
b Имя А. В.
4 Код отношения Художник
4 Код отношения 040
702 Вторичная интеллектуальная ответственность _1
a Фамилия Шепс
b Имя А. С.
4 Код отношения Художник
4 Код отношения 040
702 Вторичная интеллектуальная ответственность _1
a Фамилия Дурнев
b Имя С. В.
4 Код отношения Художник
4 Код отношения 040
702 Вторичная интеллектуальная ответственность _1
a Фамилия Жирнов
b Имя А. А.
4 Код отношения Художник
4 Код отношения 040
702 Вторичная интеллектуальная ответственность _1
a Фамилия Савельев
b Имя А. Н.
4 Код отношения Художник
4 Код отношения 040
702 Вторичная интеллектуальная ответственность _1
a Фамилия Храмов
b Имя В. П.
4 Код отношения Художник
4 Код отношения 040
702 Вторичная интеллектуальная ответственность _1
a Фамилия Позиненко
b Имя А. Н.
4 Код отношения Художник
4 Код отношения 040
702 Вторичная интеллектуальная ответственность _1
a Фамилия Матюшенко
b Имя Н. В.
4 Код отношения Художник
4 Код отношения 040
801 Источник записи _0
a Страна RU
b Организация Муниципальное бюджетное учреждение культуры "Централизованная библиотечная система" г. Сургут (Центральная городская библиотека им. А. С. Пушкина)
g Правила каталогизации КиК/Поспелова
801 Источник записи _1
a Страна RU
b Организация Муниципальное бюджетное учреждение культуры "Централизованная библиотечная система" г. Сургут (Центральная городская библиотека им. А. С. Пушкина)
g Правила каталогизации КиК/Поспелова
852 Данные о местонахождении __
j Шифр хранения мл68я2
c Каталожный индекс мл68я2
i Авторский знак В 63
901 Тип документа __
t Тип документа m
903 Характеристики (МАРС) __
a Дата передачи 20070423
969 Тип издания __
a Тип издания энциклопедия
990 Данные о заказе (DOS) __
j Количество экземпляров (DOS) 5
t N записи в КСУ для И/У (DOS) 200705